000 00678cam a2200253 i 4500
001 865142
003 LC
005 20160317140944.0
008 791011s1980 nyu 000 1 eng
010 _a 79023675
020 _a0803760329
040 _aDLC
_cDLC
_dDLC
_dOCoLC
050 0 0 _aPZ 4
_b.T9847 1980
082 0 0 _aFIC
_bT97m 1980
100 1 _aTyler, W. T.
_918626
245 1 4 _aThe man who lost the war /
_cW. T. Tyler.
260 _aNew York :
_bDial Press,
_cc1980.
300 _a434 p. :
_c18 cm.
650 _aFiction.
_9746
655 7 _aSpy stories.
_2gsafd
_94765
906 _a7
_bcbc
_corignew
_d1
_eocip
_f19
_gy-gencatlg
942 _2lcc
_cBK
999 _c11009
_d11009